Séries de Fourier absolument convergentes /
Guardado en:
| Autor Principal: | |
|---|---|
| Formato: | Libro |
| Idioma: | French |
| Publicado: |
Berlin :
Springer-Verlag,
1970.
|
| Series: | Ergebnisse der Mathematik und ihrer Grenzgebiete ;
Bd. 50 |
| Etiquetas: |
Agregar Etiqueta
Sin Etiquetas, Sea el primero en etiquetar este registro!
|
| LEADER | 00604cam a22001815 4500 | ||
|---|---|---|---|
| 001 | MAT.inmabb001813 | ||
| 008 | 721110s1970####gw#######b####001#0#fre#d | ||
| 005 | 20151117174308.0 | ||
| 245 | 1 | 0 | |a Séries de Fourier absolument convergentes / |c Jean-Pierre Kahane. |
| 260 | |a Berlin : |b Springer-Verlag, |c 1970. | ||
| 300 | |a viii, 168 p. ; |c 24 cm. | ||
| 440 | 0 | |a Ergebnisse der Mathematik und ihrer Grenzgebiete ; |v Bd. 50 | |
| 504 | |a Bibliografía: p. [157]-163. | ||
| 510 | 4 | |a MR, |c 43 #801 | |
| 100 | 1 | |a Kahane, Jean-Pierre. | |
| 084 | |a 42A20 |2 msc2000 | ||
| 010 | |a 79100693 | ||
| 859 | |h 42 |i K12s |p A-3273 |b BIB. MATEMATICA | ||
